[Event "European Blitz 2016"]
[Site "Tallinn EST"]
[Date "2016.12.17"]
[Round "10.27"]
[White "Pavlidis, Antonios"]
[Black "D'Costa, Lorin A R"]
[Result "1-0"]
[WhiteTitle "GM"]
[BlackTitle "IM"]
[WhiteElo "2532"]
[BlackElo "2391"]
[WhiteFideId "4212312"]
[BlackFideId "409219"]
[EventDate "2016.12.17"]

1. e4 c5 2. Nf3 e6 3. d4 cxd4 4. Nxd4 a6 5. Bd3 Nf6 6. O-O Qc7 7. Qe2 d6 8. c4
g6 9. Nc3 Bg7 10. Be3 O-O 11. Rac1 b6 12. Rfd1 Bb7 13. f3 Nbd7 14. Bb1 Rac8 15.
b3 Rfd8 16. Qf2 Qb8 17. Qh4 Ba8 18. Bd3 Rc7 19. Be2 Rdc8 20. Qg3 Bf8 21. a4 Nc5
22. Rb1 Rd7 23. b4 Nb7 24. Qh4 Ne8 25. Nc2 Nd8 26. a5 b5 27. c5 Be7 28. Qe1 Rdc7
29. cxd6 Bxd6 30. Rd3 Bxh2+ 31. Kh1 Be5 32. Bc5 Nb7 33. Bd4 Bxd4 34. Nxd4 Nbd6
35. Nb3 Nc4 36. Nc5 Qa7 37. Qh4 Nxa5 38. Rbd1 Nb7 39. Nd7 Rxc3 40. Rxc3 Rxc3 41.
Qe7 1-0

[Event "European Blitz 2016"]
[Site "Tallinn EST"]
[Date "2016.12.17"]
[Round "10.28"]
[White "Loginov, Valery A"]
[Black "Zakhartsov, Vladimir"]
[Result "1-0"]
[WhiteTitle "GM"]
[BlackTitle "IM"]
[WhiteElo "2486"]
[BlackElo "2453"]
[WhiteFideId "4126297"]
[BlackFideId "4145097"]
[EventDate "2016.12.17"]

1. e4 c5 2. Nf3 d6 3. d4 Nf6 4. Nc3 cxd4 5. Nxd4 a6 6. Be2 Nbd7 7. O-O e6 8. f4
Be7 9. Be3 Qc7 10. Bf3 Rb8 11. a4 b6 12. g4 h6 13. Rf2 Bb7 14. g5 hxg5 15. fxg5
Ng8 16. Bh5 g6 17. Bxg6 fxg6 18. Nxe6 Qc4 19. Nd5 Bxd5 20. exd5 Ne5 21. Bd4 Kd7
22. Bxe5 dxe5 23. b3 Qe4 24. Qd2 Rh4 25. Rg2 Bc5+ 26. Nxc5+ bxc5 27. Rf1 Ne7 28.
Rf7 Qd4+ 29. Qxd4 Rxd4 30. Re2 Rxd5 31. Kg2 Ke8 32. Rf6 Rb4 33. c4 Rd7 34. Rxe5
Rxb3 35. Rxa6 Rd2+ 36. Kf1 Rxh2 37. Kg1 Ra2 38. Re1 Rg3+ 39. Kh1 Rh3+ 40. Kg1
Rhh2 41. Rxg6 Rag2+ 42. Kf1 Rf2+ 43. Kg1 Rhg2+ 44. Kh1 Rh2+ 45. Kg1 Rfg2+ 46.
Kf1 Rh1+ 47. Kxg2 Rxe1 48. Ra6 Re4 49. a5 Rxc4 50. Kf3 Kf7 51. Ke3 Nd5+ 52. Kd2
Rd4+ 53. Kc1 Nb4 54. Rf6+ Ke7 55. a6 Rd7 56. Rh6 Kf8 57. Rb6 Rd8 58. a7 Nd3+ 59.
Kb1 Ne5 60. Rb8 1-0

[Event "European Blitz 2016"]
[Site "Tallinn EST"]
[Date "2016.12.17"]
[Round "10.29"]
[White "Turov, Maxim"]
[Black "Popov, Mikhail"]
[Result "1-0"]
[WhiteTitle "GM"]
[BlackTitle "FM"]
[WhiteElo "2594"]
[BlackElo "2369"]
[WhiteFideId "4120086"]
[BlackFideId "4146182"]
[EventDate "2016.12.17"]

1. d4 d6 2. c4 f5 3. Nc3 Nf6 4. Bg5 e6 5. e3 Be7 6. Qc2 O-O 7. Bd3 Nc6 8. a3 Qe8
9. Nge2 a5 10. h3 Qh5 11. Bxf6 Bxf6 12. g4 Qh4 13. gxf5 exf5 14. Nd5 Bd8 15.
Nef4 Bd7 16. O-O-O Ne7 17. Rdg1 Nxd5 18. cxd5 Bf6 19. Kb1 Rfc8 20. Bxf5 Bxf5 21.
Qxf5 Rf8 22. Nh5 Rae8 23. Rg4 Bxd4 24. Qxf8+ 1-0

[Event "European Blitz 2016"]
[Site "Tallinn EST"]
[Date "2016.12.17"]
[Round "10.30"]
[White "Malakhov, Igor"]
[Black "Jankovic, Alojzije"]
[Result "1-0"]
[WhiteTitle "IM"]
[BlackTitle "GM"]
[WhiteElo "2454"]
[BlackElo "2591"]
[WhiteFideId "4183088"]
[BlackFideId "14505959"]
[EventDate "2016.12.17"]

1. e4 c5 2. Nf3 e6 3. d4 cxd4 4. Nxd4 Nc6 5. Nc3 Qc7 6. Nxc6 bxc6 7. Bd3 d5 8.
O-O Nf6 9. Bg5 Be7 10. Qf3 h6 11. Bf4 e5 12. Bd2 d4 13. Ne2 Be6 14. c3 c5 15.
cxd4 cxd4 16. Rfc1 Qb8 17. b4 O-O 18. Bc4 Bg4 19. Qd3 Qb7 20. f3 Bd7 21. a4 Bxb4
22. Rab1 a5 23. Bxb4 axb4 24. Bb5 Bxb5 25. axb5 Ra3 26. Qc4 Re3 27. Ng3 g6 28.
Qxb4 Rd8 29. b6 d3 30. Qd2 Nh5 31. Qxe3 Nf4 32. Rd1 Rc8 33. Rxd3 Rc2 34. Rd2 Rc6
35. Ne2 Ne6 36. h4 h5 37. Nc3 Nd4 38. Rxd4 exd4 39. Qxd4 Kh7 40. Nd5 1-0

[Event "European Blitz 2016"]
[Site "Tallinn EST"]
[Date "2016.12.17"]
[Round "10.31"]
[White "Fargere, Francois"]
[Black "Grandelius, Nils"]
[Result "1/2-1/2"]
[WhiteTitle "GM"]
[BlackTitle "GM"]
[WhiteElo "2404"]
[BlackElo "2643"]
[WhiteFideId "615935"]
[BlackFideId "1710400"]
[EventDate "2016.12.17"]

1. e4 c5 2. Nf3 d6 3. d4 cxd4 4. Qxd4 a6 5. h3 Nf6 6. Be2 e6 7. c4 Be7 8. O-O
Nbd7 9. Nc3 Qc7 10. b3 b6 11. Bb2 Bb7 12. Qe3 O-O 13. Rac1 Rfe8 14. Bd3 Rac8 15.
Rfe1 Qb8 16. Na4 Bc6 17. Nc3 Bf8 18. Nd4 Bb7 19. Qd2 Qa8 20. Bb1 Rcd8 21. Qe2
Ne5 22. Nf3 Ng6 23. Na4 Nd7 24. Bd4 Nf4 25. Qd2 e5 26. Nxb6 Nxb6 27. Bxb6 Rc8
28. Qe3 Re6 29. Kh2 Rh6 30. Nd4 Rh5 31. Ne2 Ne6 32. Qf3 g6 33. Ng3 Rh4 34. Qd1
Ng5 35. Be3 Ne6 36. f3 Bc6 37. Bf2 Rf4 38. Be3 Rf6 39. Qd2 h5 40. Nf1 Qb8 41.
Bf2 Kh7 42. Ne3 Bh6 43. Qd1 Bf4+ 44. Bg3 Bxg3+ 45. Kxg3 Rd8 46. Qd2 Qc7 47. Kh2
Nd4 48. Nc2 Ne6 49. Ne3 Nd4 50. Nc2 Ne6 51. Ne3 Qe7 52. Bd3 h4 53. b4 Nd4 54.
Nc2 Ne6 55. Rf1 Rf4 56. b5 Bb7 57. Ne3 Nc5 58. bxa6 Bxa6 59. Nd5 Qg5 60. Nxf4
exf4 61. Rc3 Rb8 62. Rb1 Ra8 63. e5 dxe5 64. Qe2 Rd8 65. Rd1 Bc8 66. Kh1 Ne6 67.
Be4 Nd4 68. Qf2 Be6 69. c5 Qe7 70. c6 Rc8 71. Rxd4 exd4 72. Qxd4 Bxa2 73. Kh2
Be6 74. Qe5 Qb4 75. Qf6 Rc7 76. Qxf4 Qe7 77. Qe5 Kg8 78. Bd5 Bxd5 79. Qxd5 Qf6
80. Rc4 Re7 81. c7 Rxc7 82. Rxc7 Qf4+ 83. Kh1 Qxc7 84. Qa8+ Kg7 85. Qe4 Qc1+ 86.
Kh2 Qg5 87. Qd4+ Kh7 88. Qd7 Qf4+ 89. Kh1 Kh6 90. Qe7 Kg7 91. Qd7 Qc1+ 92. Kh2
Qf4+ 93. Kh1 Qc1+ 94. Kh2 Qf4+ 1/2-1/2

[Event "European Blitz 2016"]
[Site "Tallinn EST"]
[Date "2016.12.17"]
[Round "10.32"]
[White "Anton Guijarro, David"]
[Black "Kukk, Sander"]
[Result "1-0"]
[WhiteTitle "GM"]
[WhiteElo "2650"]
[BlackElo "2178"]
[WhiteFideId "2285525"]
[BlackFideId "4502094"]
[EventDate "2016.12.17"]

1. d4 g6 2. e4 Bg7 3. Nc3 d6 4. Be3 Nf6 5. Qd2 O-O 6. Nf3 Bg4 7. Bh6 Bxf3 8.
gxf3 Nc6 9. Bxg7 Kxg7 10. Bb5 e5 11. Bxc6 bxc6 12. O-O-O Qe7 13. dxe5 dxe5 14.
Qe3 Nh5 15. Ne2 a5 16. a3 Rab8 17. Qc3 Rb5 18. a4 Rb6 19. b3 Qa3+ 20. Qb2 Qe7
21. h4 Rfb8 22. f4 f6 23. fxe5 fxe5 24. f4 Rb4 25. Qxe5+ Qxe5 26. fxe5 Rxe4 27.
Rd7+ Kh6 28. Nc3 Rxe5 29. Rxc7 Ng3 30. Rd1 Nf5 31. Rdd7 Rh8 32. Rxc6 Nxh4 33.
Nd5 Kg5 34. b4 axb4 35. a5 h5 36. a6 Nf5 37. a7 Ra8 38. Nb6 Rxa7 39. Rxa7 h4 40.
Rh7 Nh6 41. Nd7 Rf5 42. Rg7 Rf1+ 43. Kb2 Kh5 44. Rgxg6 Nf5 45. Rg8 h3 46. Nf6+
Kh6 47. Ne4+ Kh5 48. Rf6 Kh4 49. Rh8+ Kg4 50. Rg6+ Kf4 51. Nd2 Rf2 52. Nb3 h2
53. Nc5 Ke3 54. Nd3 Rd2 55. Rh3+ Kd4 56. Rg4+ Kd5 57. Nxb4+ Kd6 58. Nd3 Kd5 59.
Rh5 Ke6 60. Rg6+ Kf7 61. Ne5+ Ke7 62. Nf3 Rf2 63. Nxh2 Nd4 64. Rh7+ Kf8 65. Rd6 1-0

[Event "European Blitz 2016"]
[Site "Tallinn EST"]
[Date "2016.12.17"]
[Round "11.1"]
[White "Mamedov, Rauf"]
[Black "Bortnyk, Olexandr"]
[Result "1-0"]
[WhiteTitle "GM"]
[BlackTitle "GM"]
[WhiteElo "2688"]
[BlackElo "2581"]
[WhiteFideId "13401653"]
[BlackFideId "14120828"]
[EventDate "2016.12.17"]

1. c4 d6 2. g3 g6 3. Bg2 Bg7 4. Nc3 Nf6 5. Nf3 O-O 6. d4 Nbd7 7. O-O e5 8. b3
Re8 9. dxe5 Nxe5 10. Nxe5 Rxe5 11. Bb2 Rh5 12. e4 Bh3 13. Bxh3 Rxh3 14. Kg2 Qd7
15. f3 Rh5 16. g4 Rc5 17. h3 h5 18. Na4 Rc6 19. g5 Ne8 20. Nc3 a6 21. Qd2 b5 22.
cxb5 axb5 23. Nd5 Bxb2 24. Qxb2 Rc5 25. Rac1 Qd8 26. h4 c6 27. Nb4 Qa5 28. Nxc6
Qxa2 29. Qxa2 Rxa2+ 30. Kg3 Nc7 31. e5 Rxc1 32. Rxc1 dxe5 33. Ne7+ Kf8 34. Rxc7
Ke8 35. Nd5 Rb2 36. Nf6+ Kf8 37. Rc3 Ke7 38. Rd3 Ke6 39. Ne4 b4 40. Rd6+ Ke7 41.
Rd5 Rxb3 42. Rxe5+ Kf8 43. Rb5 Ke7 44. Rb7+ Kf8 45. Nd6 Rd3 46. Nxf7 Rd5 47. Nh8
Rd6 48. Rxb4 Kg7 49. Nxg6 Kxg6 50. Rf4 Rd3 51. Rf6+ Kg7 52. Rh6 Rd1 53. Rxh5 Kg6
54. Rh6+ 1-0

[Event "European Blitz 2016"]
[Site "Tallinn EST"]
[Date "2016.12.17"]
[Round "11.2"]
[White "Castellanos Rodriguez, Renier"]
[Black "Andreikin, Dmitry"]
[Result "0-1"]
[WhiteTitle "IM"]
[BlackTitle "GM"]
[WhiteElo "2491"]
[BlackElo "2737"]
[WhiteFideId "3404650"]
[BlackFideId "4158814"]
[EventDate "2016.12.17"]

1. e4 c5 2. Nf3 e6 3. d4 cxd4 4. Nxd4 a6 5. Bd3 Bc5 6. Nb3 Ba7 7. O-O Nc6 8. Qe2
Qh4 9. Be3 Bxe3 10. Qxe3 Nf6 11. h3 O-O 12. N1d2 d6 13. f4 e5 14. Nc4 d5 15.
Nxe5 dxe4 16. Bc4 Ne7 17. Nd4 b5 18. Bb3 Bb7 19. Rad1 Rae8 20. a4 bxa4 21. Bxa4
Ned5 22. Qb3 Bc8 23. Bxe8 Rxe8 24. c4 Nxf4 25. Ndc6 Nxh3+ 26. gxh3 Bxh3 27. Rf2
Ng4 28. Rxf7 Nxe5 29. Nxe5 Rxe5 30. Qb8+ Kxf7 31. Qxe5 Qg4+ 32. Kh2 Qg2# 0-1

[Event "European Blitz 2016"]
[Site "Tallinn EST"]
[Date "2016.12.17"]
[Round "11.4"]
[White "Navara, David"]
[Black "Chigaev, Maksim"]
[Result "1-0"]
[WhiteTitle "GM"]
[BlackTitle "GM"]
[WhiteElo "2725"]
[BlackElo "2531"]
[WhiteFideId "309095"]
[BlackFideId "4108116"]
[EventDate "2016.12.17"]

1. d4 Nf6 2. c4 e6 3. Nc3 Bb4 4. e3 O-O 5. Bd3 c5 6. Nf3 Nc6 7. O-O Bxc3 8. bxc3
d6 9. e4 e5 10. d5 Ne7 11. Nh4 Ng6 12. Nf5 Bxf5 13. exf5 Ne7 14. g4 a6 15. g5
Nd7 16. Qg4 b5 17. Qh3 bxc4 18. Be4 Rb8 19. Kh1 Nb6 20. Rg1 Nbxd5 21. f6 Ng6 22.
fxg7 Kxg7 23. Bxd5 Qc8 24. Qh6+ Kh8 25. Be4 Rg8 26. Be3 Qe6 27. Rad1 Rbd8 28.
Bd5 Qf5 29. Rd2 Rg7 30. Qh5 e4 31. Qg4 Qxg4 32. Rxg4 Ne5 33. Rxe4 h6 34. Bxc4
Rb8 35. Rxd6 Rb1+ 36. Kg2 Ng6 37. Re8+ Kh7 38. Bd3 1-0

[Event "European Blitz 2016"]
[Site "Tallinn EST"]
[Date "2016.12.17"]
[Round "11.5"]
[White "Andriasian, Zaven"]
[Black "Ruck, Robert"]
[Result "1-0"]
[WhiteTitle "GM"]
[BlackTitle "GM"]
[WhiteElo "2621"]
[BlackElo "2561"]
[WhiteFideId "13302000"]
[BlackFideId "705713"]
[EventDate "2016.12.17"]

1. e4 c6 2. d3 e5 3. Nf3 d6 4. g3 Nf6 5. Bg2 Nbd7 6. O-O Be7 7. Nc3 O-O 8. d4 b5
9. a3 a6 10. Re1 Re8 11. h3 Qc7 12. Be3 Bf8 13. Qd2 Bb7 14. Rad1 Rad8 15. Qc1 c5
16. dxe5 dxe5 17. Nh4 g6 18. Bg5 Be7 19. Nd5 Bxd5 20. exd5 Nb6 21. Nf3 e4 22.
Nd2 e3 23. Bxe3 Nfxd5 24. Bh6 Bf8 25. Bxf8 Rxf8 26. Ne4 f6 27. a4 bxa4 28. c4
Nb4 29. Qc3 Rxd1 30. Rxd1 Qe5 31. Qxe5 fxe5 32. Nxc5 Nxc4 33. Nxa4 Kg7 34. b3
Na5 35. Nc5 Rc8 36. Rd7+ Kf6 37. Ne4+ Ke6 38. Rxh7 Nxb3 39. h4 Rc1+ 40. Kh2 Nd4
41. g4 a5 42. h5 gxh5 43. gxh5 a4 44. Ra7 Nbc6 45. Rxa4 Kf5 46. Ra8 Rb1 47. Rf8+
Kg4 48. h6 Rb7 49. Nf6+ Kg5 50. h7 1-0

[Event "European Blitz 2016"]
[Site "Tallinn EST"]
[Date "2016.12.17"]
[Round "11.6"]
[White "Ponkratov, Pavel"]
[Black "Halkias, Stelios"]
[Result "0-1"]
[WhiteTitle "GM"]
[BlackTitle "GM"]
[WhiteElo "2607"]
[BlackElo "2585"]
[WhiteFideId "4157800"]
[BlackFideId "4201809"]
[EventDate "2016.12.17"]

1. g3 d5 2. Bg2 c5 3. Nf3 Nc6 4. d4 e6 5. O-O Nf6 6. dxc5 Bxc5 7. c4 O-O 8. a3
a5 9. Bg5 d4 10. Nbd2 Be7 11. e3 e5 12. exd4 exd4 13. Re1 h6 14. Bf4 Nh5 15. Be5
Nf6 16. Nb3 Bg4 17. Nbxd4 Nxe5 18. Rxe5 Bd6 19. Re3 Bc5 20. Rd3 Qb6 21. Rb3 Qa7
22. Rd3 Rad8 23. Qd2 Ne4 24. Qf4 Bxf3 25. Bxf3 Ng5 26. Bg4 Rxd4 27. Rxd4 Bxd4
28. Rd1 f5 29. Bxf5 Nh3+ 0-1

[Event "European Blitz 2016"]
[Site "Tallinn EST"]
[Date "2016.12.17"]
[Round "11.7"]
[White "Marin, Mihail"]
[Black "Vallejo Pons, Francisco"]
[Result "1/2-1/2"]
[WhiteTitle "GM"]
[BlackTitle "GM"]
[WhiteElo "2539"]
[BlackElo "2711"]
[WhiteFideId "1200020"]
[BlackFideId "2205530"]
[EventDate "2016.12.17"]

1. Nf3 e6 2. g3 b5 3. Bg2 Bb7 4. O-O Nf6 5. b3 Be7 6. c4 bxc4 7. bxc4 c5 8. Nc3
Nc6 9. Rb1 Rb8 10. d3 O-O 11. Bf4 d6 12. Nd2 Qd7 13. Nde4 Nxe4 14. Bxe4 Nd4 15.
Bxb7 Rxb7 16. Rxb7 Qxb7 17. Be3 Nf5 18. Qb1 Qa8 19. Bd2 Rb8 20. Qa1 Bf6 21. Rb1
Nd4 22. Rxb8+ Qxb8 23. Qc1 Qb7 24. f3 Nxf3+ 25. exf3 Qxf3 26. Be3 Bxc3 27. Bxc5
dxc5 28. Qxc3 Qd1+ 29. Kf2 Qa4 30. Qe5 Qb4 31. Qc7 h5 32. Qxa7 Qd2+ 33. Kg1 Qe3+
34. Kg2 Qe2+ 35. Kg1 Qe3+ 36. Kg2 g5 37. a4 Qe2+ 38. Kg1 Qe1+ 39. Kg2 Qe2+ 40.
Kg1 Qe1+ 41. Kg2 1/2-1/2

[Event "European Blitz 2016"]
[Site "Tallinn EST"]
[Date "2016.12.17"]
[Round "11.8"]
[White "Rakhmanov, Aleksandr"]
[Black "Naiditsch, Arkadij"]
[Result "1-0"]
[WhiteTitle "GM"]
[BlackTitle "GM"]
[WhiteElo "2667"]
[BlackElo "2687"]
[WhiteFideId "4173708"]
[BlackFideId "4650891"]
[EventDate "2016.12.17"]

1. c4 Nf6 2. Nc3 g6 3. g3 Bg7 4. Bg2 O-O 5. d3 d6 6. e3 e5 7. Nge2 a5 8. O-O Re8
9. b3 h5 10. h3 Nbd7 11. Bb2 Nf8 12. Qd2 c6 13. e4 Ne6 14. Rad1 h4 15. g4 g5 16.
Rde1 Nd7 17. Nd1 Ndf8 18. Ne3 Ng6 19. d4 exd4 20. Nxd4 Nxd4 21. Bxd4 Bxd4 22.
Qxd4 Nf4 23. Qd2 Qf6 24. Rd1 Re6 25. Nf5 d5 26. cxd5 cxd5 27. Rfe1 Re5 28. Ne3
dxe4 29. Qd8+ Kg7 30. Qxf6+ Kxf6 31. Rd8 b5 32. Red1 Bb7 33. R8d7 Rb8 34. Rc7
Nd3 35. Rxd3 exd3 36. Bxb7 d2 37. Bf3 Rd8 38. Bd1 a4 39. Kf1 axb3 40. axb3 Rd4
41. Ke2 Rf4 42. Rd7 Rc5 43. Rxd2 Ke6 44. Bc2 b4 45. Bd3 Rc3 46. Bc4+ Ke5 47.
Rd5+ Kf6 48. Rd6+ Ke7 49. Ra6 Rc1 50. Ra7+ Kd8 51. Rxf7 Rh1 52. Rxf4 gxf4 53.
Ng2 f3+ 54. Kxf3 Rxh3+ 55. Ke2 Rh2 56. Ne3 Rh1 57. Bd5 Rb1 58. Kf3 Rg1 59. Nf5
h3 60. Ng3 h2 61. Ke2 Ke7 62. g5 Kd6 63. Bb7 Ke5 64. g6 Kf6 65. Be4 Kg7 66. Kd3
Rb1 67. Kc4 Re1 68. Bb7 Kxg6 69. Kxb4 Re7 70. Bc6 Kg5 71. Kc5 Rf7 72. b4 Rxf2
73. Ne4+ 1-0

[Event "European Blitz 2016"]
[Site "Tallinn EST"]
[Date "2016.12.17"]
[Round "11.9"]
[White "Zorko, Jure"]
[Black "Plat, Vojtech"]
[Result "1-0"]
[WhiteTitle "IM"]
[BlackTitle "IM"]
[WhiteElo "2454"]
[BlackElo "2532"]
[WhiteFideId "14604051"]
[BlackFideId "325740"]
[EventDate "2016.12.17"]

1. d4 d6 2. Nf3 Bg4 3. e4 Nd7 4. h3 Bh5 5. Nc3 e5 6. Be3 Ngf6 7. Be2 Be7 8. O-O
O-O 9. a4 c6 10. a5 Re8 11. d5 cxd5 12. exd5 a6 13. Nd2 Bxe2 14. Qxe2 Rc8 15.
Nc4 Qc7 16. b3 Nf8 17. Rfd1 Ng6 18. Na4 Bf8 19. Nab6 Rb8 20. g3 Ne4 21. Qg4 Nf6
22. Qf5 Ne7 23. Qf3 e4 24. Qe2 Ng6 25. Kg2 Nd7 26. Qg4 Nxb6 27. axb6 Qe7 28. Qf5
Rbd8 29. Rd4 Qd7 30. Qxd7 Rxd7 31. Na5 f5 32. Rc4 Ree7 33. Rc8 Kf7 34. Bg5 Re8
35. Rc7 Rxc7 36. bxc7 Rc8 37. Bd8 b6 38. Nc4 Be7 39. Nxb6 Rxd8 40. cxd8=Q Bxd8
41. Nc4 a5 42. Nxd6+ Kf6 43. Nc4 Ne7 44. d6 Nc6 45. Rd1 Ke6 46. c3 Bf6 47. Rc1
g5 48. g4 f4 49. Re1 Kd5 50. d7 Bd8 51. Rd1+ Kc5 52. Nd6 Kb6 53. Nxe4 Kc7 54.
Nc5 1-0

[Event "European Blitz 2016"]
[Site "Tallinn EST"]
[Date "2016.12.17"]
[Round "11.10"]
[White "Ponomariov, Ruslan"]
[Black "Motylev, Alexander"]
[Result "1-0"]
[WhiteTitle "GM"]
[BlackTitle "GM"]
[WhiteElo "2709"]
[BlackElo "2663"]
[WhiteFideId "14103320"]
[BlackFideId "4121830"]
[EventDate "2016.12.17"]

1. d4 d5 2. c4 c6 3. cxd5 cxd5 4. Bf4 Nf6 5. Nc3 Nc6 6. e3 Bg4 7. Qb3 Na5 8.
Qa4+ Bd7 9. Qc2 e6 10. Bd3 Nc6 11. a3 Nh5 12. Be5 Nxe5 13. dxe5 g6 14. Nf3 Be7
15. O-O O-O 16. Rac1 Rc8 17. Qb3 Rc7 18. Nd4 Qb8 19. f4 Rfc8 20. Rc2 Bc5 21. g4
Ng7 22. Rg2 a6 23. Nce2 Qa7 24. Qd1 Qb6 25. Qd2 Bf8 26. h4 Rc5 27. h5 Qc7 28.
hxg6 fxg6 29. Rh2 Qd8 30. Kg2 Be8 31. Rfh1 h5 32. gxh5 gxh5 33. Kf2 Bf7 34. Ng1
Qe8 35. Ngf3 Bg6 36. Rg2 Be4 37. Bxe4 dxe4 38. Ng5 Qd7 39. Nxe4 Rc2 40. Nxc2
Qxd2+ 41. Nxd2 Rxc2 42. Kf3 Rxb2 43. Ne4 Kf7 44. Rxb2 1-0

[Event "European Blitz 2016"]
[Site "Tallinn EST"]
[Date "2016.12.17"]
[Round "11.11"]
[White "Vitiugov, Nikita"]
[Black "Piorun, Kacper"]
[Result "1-0"]
[WhiteTitle "GM"]
[BlackTitle "GM"]
[WhiteElo "2726"]
[BlackElo "2657"]
[WhiteFideId "4152956"]
[BlackFideId "1130420"]
[EventDate "2016.12.17"]

1. d4 Nf6 2. Bf4 d6 3. Nc3 Nbd7 4. Nf3 g6 5. e4 Bg7 6. Qd2 Nh5 7. Bg5 h6 8. Be3
c6 9. a4 a5 10. Be2 Qc7 11. h3 e5 12. d5 Nf4 13. Bf1 g5 14. g3 Ng6 15. Rd1 Bf8
16. Be2 Be7 17. b3 Nf6 18. Bc4 g4 19. hxg4 Nxg4 20. Qd3 Nxe3 21. Qxe3 Bg4 22.
Rd3 h5 23. Ng5 Bxg5 24. Qxg5 Qe7 25. Qe3 h4 26. Kd2 hxg3 27. Rxh8+ Nxh8 28. fxg3
Ng6 29. Kc1 Rd8 30. Kb2 Bc8 31. Qb6 Kf8 32. dxc6 bxc6 33. Qxc6 Kg7 34. Nb5 Bb7
35. Qb6 Bxe4 36. Rxd6 Rh8 1-0

[Event "European Blitz 2016"]
[Site "Tallinn EST"]
[Date "2016.12.17"]
[Round "11.12"]
[White "Riazantsev, Alexander"]
[Black "Kulaots, Kaido"]
[Result "1-0"]
[WhiteTitle "GM"]
[BlackTitle "GM"]
[WhiteElo "2671"]
[BlackElo "2556"]
[WhiteFideId "4125029"]
[BlackFideId "4500261"]
[EventDate "2016.12.17"]

1. d4 Nf6 2. c4 g6 3. Nc3 d5 4. Bf4 Bg7 5. e3 O-O 6. Nf3 c5 7. dxc5 Qa5 8. Rc1
dxc4 9. Bxc4 Qxc5 10. Bb3 Nc6 11. O-O Qa5 12. h3 Bf5 13. Qe2 Ne4 14. Nd5 e5 15.
Bg5 Nxg5 16. Nxg5 Qd8 17. h4 h6 18. g4 Bd7 19. Ne4 f5 20. gxf5 Bxf5 21. Ne7+ Kh7
22. Nxf5 gxf5 23. Ng3 Qxh4 24. Bc2 e4 25. Kg2 Ne5 26. Rh1 Qg4 27. Qxg4 Nxg4 28.
Nxf5 Rxf5 29. Bxe4 Kg6 30. Rc5 Rf8 31. Rd1 Kg5 32. Bxf5 Rxf5 33. Rxf5+ Kxf5 34.
Rd7 Bxb2 35. Rxb7 Bf6 36. Rxa7 Bh4 37. a4 Bxf2 38. Rf7+ Ke6 39. Rxf2 Nxe3+ 40.
Kf3 Nc4 41. Ke4 Kd6 42. Kd4 Na5 43. Rf6+ Kc7 44. Rxh6 Kb7 45. Kc5 Nb3+ 46. Kb4
Nd4 47. Rh4 Nc6+ 48. Kb5 Na7+ 49. Kc5 Ka6 50. Rh7 Nc8 51. Rg7 Na7 52. Rc7 1-0

[Event "European Blitz 2016"]
[Site "Tallinn EST"]
[Date "2016.12.17"]
[Round "11.13"]
[White "Kovalenko, Igor"]
[Black "Bartel, Mateusz"]
[Result "1-0"]
[WhiteTitle "GM"]
[BlackTitle "GM"]
[WhiteElo "2684"]
[BlackElo "2641"]
[WhiteFideId "14117908"]
[BlackFideId "1112635"]
[EventDate "2016.12.17"]

1. c4 e5 2. Nc3 d6 3. g3 Be6 4. Bg2 c6 5. d3 Nf6 6. Nf3 Be7 7. O-O O-O 8. b4
Nbd7 9. b5 d5 10. bxc6 bxc6 11. Ng5 Bf5 12. cxd5 cxd5 13. f4 exf4 14. Bxf4 Rc8
15. Rc1 h6 16. Nf3 Qb6+ 17. Kh1 Be6 18. Qb3 Qxb3 19. axb3 Nb6 20. Nb5 a5 21. Bc7
Nfd7 22. Na7 Ra8 23. Nc6 Bf6 24. Nfd4 Rfc8 25. Rxf6 gxf6 26. Ne7+ Kg7 27. Nxc8
Rxc8 28. Bf4 Rxc1+ 29. Bxc1 a4 30. b4 Ne5 31. Kg1 Bd7 32. b5 Be6 33. h3 Ned7 34.
Ba3 f5 35. Kf2 Kf6 36. Ke3 Kg5 37. Be7+ Kg6 38. Kd2 h5 39. Kc3 f6 40. Nxe6 Kf7
41. Nf4 Kxe7 42. Nxh5 Nc5 43. Kb4 Ne6 44. Nf4 Nd4 45. Nxd5+ Nxd5+ 46. Bxd5 Nxe2
47. b6 Kd6 48. b7 Kc7 49. h4 Nxg3 50. Bf3 f4 51. h5 Nf5 52. Kxa4 Nh6 53. Kb4 f5
54. Kc5 Ng4 55. Kd4 Nh2 56. Bd5 Ng4 57. Kc3 Nf6 58. Bf3 Ng4 59. Bxg4 fxg4 60.
Kd2 1-0

[Event "European Blitz 2016"]
[Site "Tallinn EST"]
[Date "2016.12.17"]
[Round "11.14"]
[White "Wojtaszek, Radoslaw"]
[Black "Potkin, Vladimir"]
[Result "1-0"]
[WhiteTitle "GM"]
[BlackTitle "GM"]
[WhiteElo "2749"]
[BlackElo "2597"]
[WhiteFideId "1118358"]
[BlackFideId "4131061"]
[EventDate "2016.12.17"]

1. c4 c5 2. Nf3 Nf6 3. d4 cxd4 4. Nxd4 g6 5. Nc3 d5 6. Nf3 Be6 7. Ng5 Bg7 8.
Nxe6 fxe6 9. e3 Nc6 10. Be2 O-O 11. O-O Ne5 12. cxd5 exd5 13. Qb3 e6 14. Qxb7 a5
15. Qb5 Rb8 16. Qa4 Rb4 17. Qc2 Qc7 18. h3 Ne4 19. Bd2 Rfb8 20. Rab1 Nxd2 21.
Qxd2 Nc4 22. Bxc4 Rxc4 23. Rbc1 Rc8 24. Ne2 Rc2 25. Qd3 Bxb2 26. Rxc2 Qxc2 27.
Qb5 Be5 28. f4 Bf6 29. Rc1 Qxc1+ 30. Nxc1 Rxc1+ 31. Kf2 Rc2+ 32. Kf3 Rxa2 33.
Qe8+ Kg7 34. Qd7+ Kf8 35. Qxe6 Be7 36. Qxd5 Ra3 37. g4 a4 38. f5 Rb3 39. Qa8+
Kg7 40. Qa7 Kf8 41. Qxa4 Rb4 42. Qa8+ Kg7 43. Qc6 gxf5 44. gxf5 Rh4 45. Qe6 Bf6
46. e4 Rxh3+ 47. Kg2 Re3 48. Kf2 Bg5 49. f6+ Kg6 50. Qf5+ Kh6 51. f7 1-0

[Event "European Blitz 2016"]
[Site "Tallinn EST"]
[Date "2016.12.17"]
[Round "11.15"]
[White "Jussupow, Artur"]
[Black "Saric, Ivan"]
[Result "1/2-1/2"]
[WhiteTitle "GM"]
[BlackTitle "GM"]
[WhiteElo "2585"]
[BlackElo "2652"]
[WhiteFideId "4618777"]
[BlackFideId "14508150"]
[EventDate "2016.12.17"]

1. d4 Nf6 2. Nf3 g6 3. Bg5 Bg7 4. c3 d6 5. Nbd2 Nbd7 6. e4 h6 7. Bh4 g5 8. Bg3
Nh5 9. Bc4 e6 10. O-O O-O 11. Re1 Qe7 12. e5 Nxg3 13. hxg3 dxe5 14. Nxe5 Nxe5
15. dxe5 Qc5 16. Qe2 Rd8 17. Rad1 Bd7 18. Nb3 Qb6 19. Nd4 c5 20. Nf3 Bc6 21. Nh2
Rxd1 22. Rxd1 Rd8 23. Ng4 Qc7 24. Re1 Qe7 25. Bb3 h5 26. Ne3 g4 27. Nc4 Qg5 28.
a4 Bd5 29. Bc2 Bxc4 30. Qxc4 Rd2 31. Qe4 h4 32. Qh7+ Kf8 33. gxh4 Qf4 34. Rf1 g3
35. fxg3 Qxg3 36. Be4 Re2 37. Qh5 Qe3+ 38. Kh1 Rf2 39. Rxf2 Qxf2 40. Qg5 Qe1+
41. Kh2 Kg8 42. Qd8+ Bf8 43. Qg5+ Bg7 44. Qd8+ Bf8 1/2-1/2

[Event "European Blitz 2016"]
[Site "Tallinn EST"]
[Date "2016.12.17"]
[Round "11.16"]
[White "Alekseev, Evgeny"]
[Black "Sychev, Klementy"]
[Result "0-1"]
[WhiteTitle "GM"]
[BlackTitle "IM"]
[WhiteElo "2632"]
[BlackElo "2453"]
[WhiteFideId "4138147"]
[BlackFideId "4114060"]
[EventDate "2016.12.17"]

1. e4 e5 2. Nf3 Nc6 3. Bb5 a6 4. Ba4 Nf6 5. d3 d6 6. c3 g6 7. O-O Bg7 8. h3 O-O
9. Be3 Bd7 10. Nbd2 Qe8 11. Bc2 Nh5 12. d4 f5 13. exf5 gxf5 14. dxe5 dxe5 15.
Re1 Rd8 16. Bb3+ Kh8 17. Ng5 Qg6 18. Ngf3 Bf6 19. Kh2 e4 20. Nd4 f4 21. Nxc6
fxe3 22. Nxd8 Be5+ 23. Kh1 Ng3+ 24. fxg3 Qxg3 0-1